000 00763nam a2200241Ia 4500
003 OSt
005 20250605122359.0
008 008 250107s9999 xx 000 0 eng d
020 _a978-06-700-8422-7
037 _aTB
040 _aCRL
_beng
_cCRL
041 _aeng
_2eng
084 _aG:55:(D854) R2
084 _qCRL
100 _aSharma Krishan Au.; Ashok Krishna Tr.; Sharma Srigopal Tr.
_9730516
245 0 _aTreatise on the concept of god: based on Indian philosophy 2 Vols.
_cSharma Krishan Au.; Ashok Krishna Tr.; Sharma Srigopal Tr.
260 _aMathura, India
_bRamashram Satsang
_c3528
365 _aINR
_b12921
490 _vVol. 1
650 _aRELIGION
942 _cTB
_hG:55:(D854) R2
_2CC
_n0
999 _c1235916
_d1235916